Vývoj vzťahu komoditných a akciových trhov v období finančnej krízy
Komoditné aj akciové trhy majú tendenciu vyvíjať sa cyklicky, pričom z dlhodobého hľadiska platí, že sa zvyknú hýbať opačným smerom. V poslednom desaťročí sme svedkami porušenia tohto trendu, pričom najzreteľnejšie prejavy nastali v rokoch poznačených globálnou finančnou krízou. Indexy RICI a S&P 50...
Saved in:
| Main Author: | |
|---|---|
| Format: | Book Chapter |
| Language: | Slovak |
| Subjects: | |
| Tags: |
No Tags, Be the first to tag this record!
|
MARC
| LEADER | 00000naa$a2200000$$$4500 | ||
|---|---|---|---|
| 001 | 0143921 | ||
| 005 | 20240521111225.1 | ||
| 041 | 0 | |a slo | |
| 044 | |a CZ | ||
| 245 | 1 | 0 | |a Vývoj vzťahu komoditných a akciových trhov v období finančnej krízy |c Peter Arendáš |
| 520 | |a Komoditné aj akciové trhy majú tendenciu vyvíjať sa cyklicky, pričom z dlhodobého hľadiska platí, že sa zvyknú hýbať opačným smerom. V poslednom desaťročí sme svedkami porušenia tohto trendu, pričom najzreteľnejšie prejavy nastali v rokoch poznačených globálnou finančnou krízou. Indexy RICI a S&P 500. | ||
| 610 | 2 | 0 | |a trh akciový |
| 610 | 2 | 0 | |a trhy |
| 610 | 2 | 0 | |a komodity |
| 610 | 2 | 0 | |a kríza finančná |
| 100 | 1 | |a Árendáš, Peter, 1986- | |